| 000 | 004110000a22001690004500 | ||
|---|---|---|---|
| 003 | MACL | ||
| 005 | 20160106121714.0 | ||
| 008 | 160106b xxu||||| |||| 00| 0 eng d | ||
| 040 |
_aMACL _cMACL |
||
| 041 | _aEnglish | ||
| 082 | _a823/LYA | ||
| 100 |
_aLyall, Edna _928496 |
||
| 245 |
_aWe Two _b A Novel |
||
| 260 |
_aLondon _bGreat Marlbrough Street _c1896 |
||
| 650 |
_aNovel _9153 |
||
| 942 |
_cBK _k823/LYA _2ddc |
||
| 999 |
_c38805 _d38805 |
||